| 000 | 00677nam a2200217 u 4500 | ||
|---|---|---|---|
| 005 | 20250304063801.0 | ||
| 008 | 190123s2016 r 000 0 eng d | ||
| 020 | _a9788498886900 | ||
| 035 | _aUPN01000228539 | ||
| 049 | _aCG | ||
| 050 | 4 |
_aBJ1471 _bR6.2 |
|
| 100 | 1 |
_aRocamora García-Valls, Pedro _942599 |
|
| 245 | 1 | 0 |
_aConciencia y psiquismo : _banálisis neurocientífico de la condición humana / _cPedro Rocamora García-Valls. |
| 260 |
_aBarcelona, Esp. : _bIcaria, _c2016. |
||
| 300 | _a220 p. | ||
| 440 | 0 |
_aAntrazyt. _pAnálisis contemporáneo ; _v438 |
|
| 650 | 4 | _aCONCIENCIA | |
| 650 | 4 |
_aNeurociencia cognitiva _914183 |
|
| 905 | _aLibro | ||
| 999 |
_c200634 _d200634 |
||